National Bank of Greece annual report 2000

Saved in:
Bibliographic Details
Format: Book
Language:English
Published: Athens National Bank of Greece [2001]
Subjects:
Tags: Add Tag
No Tags, Be the first to tag this record!

MARC

LEADER 00000nam a2200000 4500
001 c124849
005 20221108083344.5
022 |a 1108-6750 
041 0 |a eng 
044 |a GR 
245 1 0 |a National Bank of Greece  |b annual report 2000 
264 1 |a Athens  |b National Bank of Greece  |c [2001] 
300 |a 129 s. 
610 2 0 |a banky 
610 2 0 |a bankovníctvo 
610 2 0 |a služby bankové 
610 2 0 |a politika finančná 
610 2 0 |a účty 
610 2 0 |a Grécko